Jóvenes astrónomos / (Registro nro. 11598)

Detalles MARC
000 -LEADER
fixed length control field 01067nam a22003137a 4500
001 - CONTROL NUMBER
control field 000567
003 - CONTROL NUMBER IDENTIFIER
control field DO-SdBNP
005 - DATE AND TIME OF LATEST TRANSACTION
control field 20161019095306.0
007 - PHYSICAL DESCRIPTION FIXED FIELD--GENERAL INFORMATION
fixed length control field 000567
008 - FIXED-LENGTH DATA ELEMENTS--GENERAL INFORMATION
fixed length control field 161019b 1998 sp a ||||| |||| 00| 0 spa d
020 ## - INTERNATIONAL STANDARD BOOK NUMBER
International Standard Book Number 8427249713
040 ## - CATALOGING SOURCE
Original cataloging agency BPMSU
Language of cataloging spa
Transcribing agency BPMSU
041 17 - LANGUAGE CODE
Language code of text/sound track or separate title spa
Language code of original eng
082 ## - DEWEY DECIMAL CLASSIFICATION NUMBER
Classification number xxxxx
Item number xxxxx
100 1# - MAIN ENTRY--PERSONAL NAME
Personal name Ford, Harry
240 ## - UNIFORM TITLE
Uniform title <a href="Young astronomer.">Young astronomer.</a>
Language of a work Español
245 10 - TITLE STATEMENT
Title Jóvenes astrónomos /
Statement of responsibility, etc. Harry Ford ; fotografía, Andy Crawford ; traducción, Pep Verger.
260 ## - PUBLICATION, DISTRIBUTION, ETC. (IMPRINT)
Place of publication, distribution, etc. Barcelona :
Name of publisher, distributor, etc. Molino,
Date of publication, distribution, etc. 1998.
300 ## - PHYSICAL DESCRIPTION
Extent 37 p. :
Other physical details il. ,
Dimensions 29 cm.
500 ## - GENERAL NOTE
General note Guía del joven aficionado a la astronomía. Cubierta.
500 ## - GENERAL NOTE
General note Un libro Dorling Kindersley - Título página reverso.
650 ## - SUBJECT ADDED ENTRY--TOPICAL TERM
Topical term or geographic name as entry element Astronomy -- Juvenile literature.
650 ## - SUBJECT ADDED ENTRY--TOPICAL TERM
Topical term or geographic name as entry element Astronomy -- Experiments -- Juvenile literature.
650 ## - SUBJECT ADDED ENTRY--TOPICAL TERM
Topical term or geographic name as entry element Astronomy -- Observers' manuals -- Juvenile literature.
700 12 - ADDED ENTRY--PERSONAL NAME
Personal name Verger, Pep,
Relator term tr.
700 12 - ADDED ENTRY--PERSONAL NAME
Personal name Crawford, Andy,
Relator term fot.
942 ## - ADDED ENTRY ELEMENTS (KOHA)
Source of classification or shelving scheme Dewey Decimal Classification
Koha item type Libros
956 ## - LOCAL ELECTRONIC LOCATION AND ACCESS (OCLC)
Access method LOPEREZ
Materials specified 10
Linkage 20161019
Field link and sequence number BPMSU
Host name 00041
Existencias
Withdrawn status Lost status Source of classification or shelving scheme Damaged status Not for loan Collection code Home library Current library Date acquired Source of acquisition Total Checkouts Full call number Barcode Date last seen Price effective from Koha item type
    Dewey Decimal Classification     Colección Juvenil General Biblioteca Pública Metropolitana Salomé Ureña Biblioteca Pública Metropolitana Salomé Ureña 10/19/2016 FUNDI   xxxxx xxxxx BPMSU16100249 10/19/2016 10/19/2016 Libros